000 00684nam a2200217Ia 4500
003 OSt
005 20220918193013.0
006 a|||||r|||| 00| 0
007 ta
008 220917b |||||||| |||| 00| 0 eng d
024 _a71,466
037 _cTextual
040 _aARTS
_cARTS
_beng
041 _2eng
_aeng
082 _aR3xM891x, M2.1-.2
100 _aWittgenstein Ludwig
_914974
245 0 _aLast writing on the philosophy of psychology ed by GH Von Wright and Heikpi Nyman tr by C G Wnckhordt and Maximillan A E Aue
260 _aOxford
_bBAsil
_c1982
942 _hR3xM891x, M2.1-.2
_cTEXL
_2CC
999 _c197539
_d197539